Russia Ally Countries - Statistics

General Stats
  • This quiz has been taken 210 times
  • The average score is 8 of 11
Answer Stats
Ally Countries % Correct
China
96%
North Korea
91%
Belarus
89%
Kazakhstan
87%
Iran
81%
Armenia
78%
Kyrgyzstan
74%
Syria
74%
Tajikistan
74%
Pakistan
53%
Serbia
53%
No matching quizzes found
Score Distribution
Percent of People with Each Score
Percentile by Number Answered
Your Score History
You have not taken this quiz